Boeing 727 Variants - Statistics

General Stats
  • This quiz has been taken 15 times
  • The average score is 5 of 8
Answer Stats
Hint Answer % Correct
1962 727-100
100%
1967 727-200
100%
1962 727-100C
70%
1967 727-200C
70%
1972 727-200 Adv
50%
1981 727-200F Adv
30%
1962 727-100QF
20%
1962 727-100QC
10%
No matching quizzes found
Score Distribution
Percent of People with Each Score
Percentile by Number Answered
Your Score History
You have not taken this quiz